000 00299nam a22001337a 4500
008 171010b xxu||||| |||| 00| 0 eng d
020 _a9780252066290
041 _aeng
080 _a316
100 _a50
101 _aSOC
245 _aTHE COMMON GROUND OF WOMANHOOD
_cMUROLO, P
942 _2udc
_cBK
999 _c32866
_d32866